01395nas a2200265Ia 4500001001100000003000900011008004100020040001300061040001300074041001300087100004600100210004200146222004200188245017500230250001100405260003300416501008600449300001800535362001600553500026200569650005700831942000700888999001900895952021500914R128/54891IT-RoPAU151124c99999999xx |||||||||||| ||und|| aIT-RoPAU cIT-RoPAU aITALIANO aLuchi FrancescogCodice Aut. SPICS: 39153 aQUADERNI DI COMUNICAZIONE AUDIOVISIVA aQuaderni Di Comunicazione Audiovisiva aQUADERNI DI COMUNICAZIONE AUDIOVISIVA, N.10 (1986)bSpecificita' Comunicative Dei Media (Le)-Indagine Sulle Modalita' Situazionali Ed Enunciative di Diatape, Film E Video a1a ed. aFERRARAbTE.COM S.R.L.c1986 bPaulus - SPICS - Società San Paolo EM (non-commercial uses only)cCopyright2015 a14 p. [86-99] aN.10 (1986) aCorrelazione Modi-Mezzi di Comunicazione. Diatape, Film, Video e Modi di Comunicazione. Modalità Situazionali. Modalità Enunciative. Trasparenza Modale Nei Tre Media. Funzioni dei Tre Media. Correlazione Media-Modi: Risvolti Tassonomici e di Produzione. aCOMUNICAZIONE - AUDIOVISIVOvPUBBLICAZIONE PERIODICA cCR c194908d194908 0010406R_128_54891000000000071aSPICSbSPICSd2015-11-25l0oR128/54891r2015-11-25 00:00:00w2015-11-25yCRzProgr. Ins: 53524 / Copia rara: NO / date import: 25.11.2015 / By Epidotti, Trombetti, Vaglietti